000 00404nam a2200121 4500
008 230620b xxu||||| |||| 00| 0 eng d
020 _a9966958746
082 _a323
_bICJ 2005
245 _aInternational Human Rights Standards
_bMaking a Case for Kenya's Ratification of Optional Protocols
260 _aKenya
_bThe Kenyan Section of the International Jurists
_c2005
300 _aVI,153p
942 _2ddc
_cBK
999 _c1763
_d1763